| 000 | 00835nam a22002297a 4500 | ||
|---|---|---|---|
| 008 | 240605b mp ||||| |||| 00| 0 mon d | ||
| 020 | _a99929-0-473--9 | ||
| 035 | _a11013 | ||
| 040 |
_aHE0623081 _bmon _cMN-UlNLM _dMN-UlNLM _erda |
||
| 041 | _amon | ||
| 042 | _a24356 | ||
| 084 |
_2NNA _a28.691.39 _bА.35 |
||
| 100 | _aЭрвин Айгнэр | ||
| 245 | 0 | _aЭрвээхий | |
| 264 |
_aУБ. _bМонсудар _c2005 |
||
| 300 | _a20х. | ||
| 336 |
_2rdacontent _atext _btxt |
||
| 337 |
_2rdamedia _aunmediated _bn |
||
| 338 |
_2rdacarrier _avolume _bnc |
||
| 650 | _aЭрвээхий бол хайрсан далавчит шавьжийн аймгийн үзэсгэлэн гоёмсог их багт хамаардаг. Манай оронд 376 төрлийн мянга гаруй зүйл бай... | ||
| 942 |
_2NNA _cBK |
||
| 999 |
_c883072 _d883129 |
||